| 000 | 01198nam a2200337 i 4500 | ||
|---|---|---|---|
| 001 | 000012469 | ||
| 003 | DO-SdBNP | ||
| 005 | 20250922093514.0 | ||
| 007 | ta | ||
| 008 | 091113s1998 dr ac 001 fdspa d | ||
| 040 |
_aDO-SdBNP _bspa _cBNPHU _erda |
||
| 041 | _aspa | ||
| 082 | 4 |
_aRD863.44 _bL817t _222 |
|
| 100 | 1 |
_aLockward, Angel, _eautor _4aut. _911034 |
|
| 245 | 1 | 3 |
_aLa tragedia Llenas : _bun juicio que conmovió al mundo / _cÁngel Lockward. |
| 250 | _aPrimera edición | ||
| 264 | 1 |
_aSanto Domingo, República Dominicana : _bEditora Centenario, _c1998. |
|
| 300 |
_a316, [12] páginas : _bilustraciones, retratos ; _c23 cm. |
||
| 336 |
_atexto _btxt _2rdacontent |
||
| 337 |
_asin mediación _bn _2rdamedia |
||
| 338 |
_avolumen _bnc _2rdacarrier |
||
| 500 | _aIncluye datos biográficos del autor en la solapa de la cubierta. | ||
| 590 | _aInventariado, 2020/YL | ||
| 600 | 1 | 4 |
_aLLenas Aybar, José Rafael, _d1985 -1996 _xMuerte _929199 |
| 650 | 4 |
_aNovela dominicana _9223 |
|
| 650 | 4 |
_aLiteratura dominicana. _967 |
|
| 650 | 4 |
_aDelitos violentos _929200 |
|
| 650 | 4 |
_aAsesinato _xEstudio de casos _xNovela _929201 |
|
| 910 | _aValidado. Control de calidad EMS | ||
| 942 |
_2ddc _cLBS1 |
||
| 999 |
_c12126 _d12126 |
||